[Event "Bodo CC-ch"]
[Site "Bodo"]
[Date "2018.01.30"]
[Round "1"]
[White "Sand, Thomas"]
[Black "Olsen, Bjorn Lovheim"]
[Result "0-1"]
[WhiteElo "1396"]
[BlackElo "1390"]
[PlyCount "74"]
[EventDate "2018.01.30"]
[EventType "swiss (rapid)"]
[EventRounds "9"]
[EventCountry "NOR"]
[SourceTitle "EXT 2024"]
[Source "ChessBase"]
[SourceDate "2023.10.10"]
[SourceVersion "1"]
[SourceVersionDate "2023.10.10"]
[SourceQuality "1"]

1. d4 Nf6 2. Nd2 d5 3. e3 e6 4. Bd3 c5 5. c3 Be7 6. f4 Nc6 7. Ngf3 Qc7 8. Ne5 c4 9. Bc2 b5 10. Qf3 Bb7 11. 0-0 0-0 12. g4 g6 13. g5 Nxe5 14. fxe5 Nh5 15. Qg4 b4 16. Rf3 bxc3 17. bxc3 Kg7 18. Rh3 Rh8 19. Nf3 Rag8 20. Rxh5 gxh5 21. Qxh5 Kf8 22. Qh6+ Ke8 23. h4 Bf8 24. Qf6 Bg7 25. Qf4 h6 26. Ba3 hxg5 27. Nxg5 Bf8 28. Ba4+ Kd8 29. Bxf8 Rxf8 30. Rf1 Qe7 31. Nxf7+ Kc7 32. Qf6 Qxf6 33. Rxf6 Rxh4 34. Nd6 Rg4+ 35. Kf2 Rxf6+ 36. exf6 Kxd6 37. Be8 Rg8 0-1